00446nam a22001577a 4500003000400000005001700004008004100021020001500062050002600077082002500103245003400128260008300162300003100245541000600276562000600282ost20140310182350.0130928t xxu||||| |||| 00| 0 eng d a1570822352 aVBK 8677 b.M634 1994 aGS 793.73 bM58 1994 aMighty Morphin Power Rangers  aNew York :b Saban Entertainment, Inc. and Saban International N.V, cc1994.  a[50 p.] :b illus. (col.)  j1 e1